[Event "Havana Giraldilla op"]
[Site "Havana"]
[Date "2024.08.17"]
[Round "9"]
[White "Sanchez Rodriguez, Alejandro"]
[Black "Alonso Pozo, Leandro"]
[Result "1/2-1/2"]
[WhiteElo "1630"]
[BlackElo "1704"]
[PlyCount "64"]
[EventDate "2024.08.12"]
[EventType "swiss"]
[EventRounds "9"]
[EventCountry "CUB"]
[SourceTitle "CBM 221 Extra"]
[Source "ChessBase"]
[SourceDate "2024.09.30"]
[SourceVersion "1"]
[SourceVersionDate "2024.09.30"]
[SourceQuality "1"]

1. e4 e5 2. Nf3 Nc6 3. Bb5 a6 4. Ba4 d6 5. d4 Bd7 6. c3 Nf6 7. Nbd2 b5 8. Bc2 Be7 9. h3 0-0 10. Nf1 h6 11. Ng3 Nh7 12. 0-0 Ng5 13. Be3 Bf6 14. Nxg5 Bxg5 15. f4 exf4 16. Bxf4 Bxf4 17. Rxf4 Qg5 18. Qf3 Ne7 19. Rf1 f6 20. e5 Ng6 21. Bxg6 Qxg6 22. exf6 gxf6 23. Rxf6 Rxf6 24. Qxa8+ Kg7 25. Rxf6 Kxf6 26. Qf3+ Ke7 27. Qe4+ Qe6 28. Nf5+ Kf6 29. Qxe6+ Bxe6 30. Nxh6 Bxa2 31. Ng4+ Kf5 32. Kf2 c5 1/2-1/2

[Event "Havana Giraldilla op"]
[Site "Havana"]
[Date "2024.08.15"]
[Round "7"]
[White "Menendez Fajardo, Diego Alejandro"]
[Black "Sanchez Rodriguez, Alejandro"]
[Result "0-1"]
[WhiteElo "1537"]
[BlackElo "1630"]
[PlyCount "51"]
[EventDate "2024.08.12"]
[EventType "swiss"]
[EventRounds "9"]
[EventCountry "CUB"]
[SourceTitle "CBM 221 Extra"]
[Source "ChessBase"]
[SourceDate "2024.09.30"]
[SourceVersion "1"]
[SourceVersionDate "2024.09.30"]
[SourceQuality "1"]

1. e4 c5 2. Nf3 d6 3. d4 cxd4 4. Nxd4 Nf6 5. Nc3 a6 6. Bg5 e6 7. Qd2 Be7 8. 0-0-0 Qc7 9. h4 Nbd7 10. Kb1 h6 11. Be3 b5 12. f3 Bb7 13. g4 Rc8 14. Bd3 e5 15. Nf5 Bf8 16. g5 hxg5 17. hxg5 Rxh1 18. Rxh1 g6 19. Ng3 Ng8 20. Rh8 Ne7 21. f4 b4 22. Nce2 a5 23. f5 gxf5 24. Nxf5 Nxf5 25. exf5 f6 26. g6 0-1

[Event "Havana Giraldilla op"]
[Site "Havana"]
[Date "2024.08.14"]
[Round "5"]
[White "Sanchez Rodriguez, Alejandro"]
[Black "Becerra Arias, Luis Ernesto"]
[Result "0-1"]
[WhiteElo "1630"]
[BlackElo "1665"]
[PlyCount "62"]
[EventDate "2024.08.12"]
[EventType "swiss"]
[EventRounds "9"]
[EventCountry "CUB"]
[SourceTitle "CBM 221 Extra"]
[Source "ChessBase"]
[SourceDate "2024.09.30"]
[SourceVersion "1"]
[SourceVersionDate "2024.09.30"]
[SourceQuality "1"]

1. e4 e5 2. Nf3 Nc6 3. Bb5 Nf6 4. d3 Be7 5. Bxc6 dxc6 6. Nxe5 Qd4 7. Nf3 Qb6 8. h3 Be6 9. Nc3 c5 10. 0-0 0-0-0 11. Qe2 h6 12. Rb1 Qc6 13. Bd2 g5 14. a4 a6 15. e5 g4 16. hxg4 Nxg4 17. Qe4 Qd7 18. Nh2 h5 19. f3 f5 20. Qf4 Nxh2 21. Kxh2 Rhg8 22. Qe3 h4 23. f4 Rg4 24. Rf3 Rdg8 25. Rg1 Rg3 26. Be1 R3g4 27. g3 b5 28. axb5 axb5 29. Qf2 b4 30. Ne2 Rh8 31. gxh4 Bxh4 0-1